LEADER 01040nam a2200241 i 4500 001 000000035526 003 CaOOAMICUS 005 20130522000000.0 008 130522s1973 it u000 u ita u 013 $a3906 040 $aSeMil$bita 100 1 $aAdamson Hoebel, Edward.$0(OLS)http://semarc/name/16569 245 13$aIl diritto nelle società primitive :$buno studio comparato sulla dinamica dei fenomeni giuridici /$cEdward Adamson Hoebel. 260 $aBologna :$bIl Mulino,$c1973. 300 $aXXXIV, 496 p. ;$c22 cm. 490 0 $aSaggi ;$v132 650 4$aDiritto - Storia.$0(OLS)http://semarc/subject/6500 830 0$aSaggi ;$v132.$0(OLS)http://semarc/title/341 850 $aSeMil 852 $aSeMil$W1$xVenegono$y1$m3L IV 269$j1681$B1681$CSeMilBibl$Z2$F1681 $81 961 $aOmaggio: Casa editrice 996 $6245$aIl diritto nelle società primitive :$buno studio comparato sulla dinamica dei fenomeni giuridici$9(OLS)http://semarc/title/48691 996 $6260$aBologna :$bIl Mulino$9(OLS)http://semarc/publisher/29842 LEADER 00945nam a2200217 i 4500 001 000000059181 003 CaOOAMICUS 005 20121203000000.0 008 121203s1919 it u000 u ita u 013 $a30353 040 $aSeMil$bita 245 10$aGiurisprudenza religiosa ("Ibadat") /$cversione del Prof. Ignazio Guidi. 300 $aXL, 447 p. 650 4$aChiesa Melkita.$0(OLS)http://semarc/subject/10895 650 4$aChiese orientali - Diritto canonico.$0(OLS)http://semarc/subject/44822 700 1 $aGuidi, Ignazio,$d<1844-1935>.$0(OLS)http://semarc/name/9839 700 1 $aIbn Ishaq, Halil.$0(OLS)http://semarc/name/815 773 0 $aIbn Ishaq, Halil$t"Muhtasar" o sommario del diritto malechita.$dMilano : Ulrico Hoepli, 1919.$gVolume1$w()946 850 $aSeMil 852 $aSeMil$W1$xVenegono$y1$m2J IV 30$j25334$B25334$CSeMilBibl$Z2$F25337 $81 996 $6245$aGiurisprudenza religiosa ("Ibadat")$9(OLS)http://semarc/title/92428